<?xml version="1.0" encoding="UTF-8"?>
<collection xmlns="http://www.loc.gov/MARC21/slim">
 <record>
  <leader>02658nam a2200289 a 4500</leader>
  <controlfield tag="001">1/51389</controlfield>
  <controlfield tag="008">080128s2008    be  u pdd     1   a0eng d</controlfield>
  <datafield tag="020" ind1=" " ind2=" ">
   <subfield code="a">9789279082275</subfield>
  </datafield>
  <datafield tag="022" ind1="0" ind2=" ">
   <subfield code="a">1016-8060 (print)</subfield>
  </datafield>
  <datafield tag="022" ind1="0" ind2=" ">
   <subfield code="a">1725-3187 (online)</subfield>
  </datafield>
  <datafield tag="024" ind1="0" ind2=" ">
   <subfield code="a">KC-AI-08-312-EN-C</subfield>
  </datafield>
  <datafield tag="035" ind1=" " ind2=" ">
   <subfield code="l">37317</subfield>
  </datafield>
  <datafield tag="040" ind1=" " ind2=" ">
   <subfield code="a">GR-PeUP</subfield>
  </datafield>
  <datafield tag="099" ind1=" " ind2=" ">
   <subfield code="a">ΚΕΤ Αλφαβητική σειρά</subfield>
  </datafield>
  <datafield tag="100" ind1="1" ind2=" ">
   <subfield code="a">Jappelli, Tulio.</subfield>
  </datafield>
  <datafield tag="245" ind1="1" ind2="0">
   <subfield code="a">Financial market integration under EMU /</subfield>
   <subfield code="c">Tullio Jappelli, Marco Pagano.</subfield>
  </datafield>
  <datafield tag="260" ind1="0" ind2=" ">
   <subfield code="a">Brussels- Belgium:</subfield>
   <subfield code="b">European Comission: Directorate-General for Economic and Financial Affairs,</subfield>
   <subfield code="c">2008.</subfield>
  </datafield>
  <datafield tag="300" ind1=" " ind2=" ">
   <subfield code="a">43 σ.:</subfield>
   <subfield code="b">διαγ. πιν.</subfield>
   <subfield code="c">30 εκ.</subfield>
  </datafield>
  <datafield tag="490" ind1="1" ind2=" ">
   <subfield code="a">European Economy. Economic papers ;</subfield>
  </datafield>
  <datafield tag="580" ind1=" " ind2=" ">
   <subfield code="a">Economic Papers</subfield>
  </datafield>
  <datafield tag="520" ind1="0" ind2=" ">
   <subfield code="a">The European Monetary Union (EMU) has been the single most important policy-induced innovation in the international financial system since the collapse of the Bretton-Woods system. By eliminating exchange rate risk, EMU has eliminated a key obstacle to financial integration. But while a single currency is a necessary condition for the emergence of pan-European capital markets, it is not a sufficient one. Other frictions may still stand in the way of full integration: persistent differences in regulations applying to financial intermediaries, tax treatment, standard contractual clauses and business conventions, issuance policy, security trading systems, settlement systems, availability of information, and judicial enforcement may still segment financial markets along national borders. In the process that preceded and accompanied the introduction of the euro, however, monetary unification triggered a sequence of policy actions and private sector responses that swept aside many other regulatory barriers to financial integration. To what extent has this process of regulatory reform led to actual financial integration? And if European financial markets have actually become more integrated, to what extent have these changes spurred growth and investment in Europe? Will financial integration affect also the ability of households to shoulder risks, or the ability of European economies to adjust to macroeconomic shocks? Which policy lessons can we draw for the future of European financial markets?</subfield>
  </datafield>
  <datafield tag="700" ind1="1" ind2=" ">
   <subfield code="a">Pagano, Marco.</subfield>
  </datafield>
  <datafield tag="710" ind1="2" ind2=" ">
   <subfield code="a">European Commission : Directorate-General for Economic and Financial Affairs.</subfield>
  </datafield>
  <datafield tag="773" ind1="0" ind2="8">
   <subfield code="a">Economic Papers</subfield>
   <subfield code="g">March 2008, No 312.</subfield>
  </datafield>
  <datafield tag="830" ind1=" " ind2=" ">
   <subfield code="a">European Economy. Economic papers ;</subfield>
   <subfield code="v">312.</subfield>
  </datafield>
  <datafield tag="852" ind1=" " ind2=" ">
   <subfield code="a">INST</subfield>
   <subfield code="b">UNIPILB</subfield>
   <subfield code="c">KET</subfield>
   <subfield code="e">20090303</subfield>
   <subfield code="p">EEEP 312</subfield>
   <subfield code="q">EEEP 312</subfield>
   <subfield code="t">NOLOAN</subfield>
   <subfield code="y">23</subfield>
   <subfield code="4">1</subfield>
  </datafield>
  <datafield tag="856" ind1="4" ind2="1">
   <subfield code="u">http://ec.europa.eu/economy_finance/publications/publication_summary12325_en.htm</subfield>
  </datafield>
 </record>
</collection>
